000 00367nam a2200133Ia 4500
008 221030s9999 xx 000 0 und d
041 _aEnglish
100 _aG. P. Naik
245 0 _aTraining & Development : Concepts, Practices & Case Studies
_cby G. P. Naik
260 _bInstitute of HRD
_aBanagalore
_c2005
300 _a227
650 _aManagement
942 _cBK
999 _c14913
_d14913